दीनबंधु-चौधरी : (Record no. 114835)
[ view plain ]
| 000 -LEADER | |
|---|---|
| fixed length control field | 01184nam a22002537a 4500 |
| 005 - DATE AND TIME OF LATEST TRANSACTION | |
| control field | 20170124103014.0 |
| 010 ## - LIBRARY OF CONGRESS CONTROL NUMBER | |
| LC control number | B-066605 |
| 020 ## - INTERNATIONAL STANDARD BOOK NUMBER | |
| Terms of availability | 350.00 |
| 035 ## - SYSTEM CONTROL NUMBER | |
| System control number | B-066605 |
| 037 ## - SOURCE OF ACQUISITION | |
| Source of stock number/acquisition | Cen Lib/Ret |
| 040 ## - CATALOGING SOURCE | |
| Original cataloging agency | DPL |
| Language of cataloging | HN |
| 082 ## - DEWEY DECIMAL CLASSIFICATION NUMBER | |
| Classification number | उ |
| Item number | धर्मच |
| 100 ## - MAIN ENTRY--PERSONAL NAME | |
| Personal name | धर्मचन्द्र विद्यालंकार |
| 9 (RLIN) | 42919 |
| 245 ## - TITLE STATEMENT | |
| Title | दीनबंधु-चौधरी : |
| Statement of responsibility, etc | धर्मचन्द्र विद्यालंकार |
| Remainder of title | सर छोटूराम / |
| 246 ## - VARYING FORM OF TITLE | |
| Title proper/short title | Deenbandu chaudhary : sar chhoturam / |
| Remainder of title | by Dharmchandra Vidyalankar |
| 260 ## - PUBLICATION, DISTRIBUTION, ETC. (IMPRINT) | |
| Place of publication, distribution, etc | दिल्ली |
| Name of publisher, distributor, etc | आधुनिक प्रकाशन |
| Date of publication, distribution, etc | 2002 |
| 270 ## - ADDRESS | |
| City | दिल्ली |
| Address | 4-B/6, गुरुद्वारा मोहल्ला, पूरी गली न.7, मौजपुर |
| Postal code | 110053 |
| 300 ## - PHYSICAL DESCRIPTION | |
| Extent | 328पृ. |
| Dimensions | 20सेमी (सजिल्द) |
| 650 ## - SUBJECT ADDED ENTRY--TOPICAL TERM | |
| Topical term or geographic name as entry element | हिन्दी साहित्य |
| 9 (RLIN) | 58588 |
| 650 ## - SUBJECT ADDED ENTRY--TOPICAL TERM | |
| Topical term or geographic name as entry element | हिन्दी साहित्य -- उपन्यास |
| 9 (RLIN) | 46379 |
| 650 ## - SUBJECT ADDED ENTRY--TOPICAL TERM | |
| Topical term or geographic name as entry element | Hindi literature |
| 9 (RLIN) | 58589 |
| 650 ## - SUBJECT ADDED ENTRY--TOPICAL TERM | |
| Topical term or geographic name as entry element | Hindi literature -- Fiction |
| 9 (RLIN) | 58590 |
| 942 ## - ADDED ENTRY ELEMENTS (KOHA) | |
| Source of classification or shelving scheme | Dewey Decimal Classification |
| Koha item type | Hindi Books |
| Classification part | उ |
| Call number suffix | धर्मच |
| Withdrawn status | Lost status | Damaged status | Not for loan | Home library | Current library | Date acquired | Source of acquisition | Cost, normal purchase price | Total Checkouts | Full call number | Barcode | Date last seen | Copy number | Cost, replacement price | Price effective from | Koha item type | Public note |
|---|---|---|---|---|---|---|---|---|---|---|---|---|---|---|---|---|---|
| Written off | Central Library | Central Library | 18/08/2015 | Cen Lib/Ret | 350.00 | उ धर्मच | B-066605 | 18/08/2015 | 1 | 350.00 | 18/08/2015 | Hindi Books | Written off on approval by DLB (By Circulation); dtd 15-06-2023 |
